Countries That Have Scored Most Goals in World Cup History - Statistics

General Stats
  • This quiz has been taken 475 times
    402 since last reset
  • The average score is 16 of 20
Answer Stats
# Country % Correct
229 Brazil
100%
226 Germany / West Germany
100%
137 Argentina
99%
120 France
99%
128 Italy
97%
99 Spain
97%
91 England
96%
49 Portugal
92%
87 Uruguay
91%
86 Netherlands
90%
66 Belgium
86%
60 Mexico
84%
80 Sweden
80%
46 Poland
75%
50 Switzerland
68%
87 Hungary
66%
43 Austria
63%
60 Yugoslavia
59%
53 Soviet Union
58%
44 Czechoslovakia
47%
No matching quizzes found
Score Distribution
Percent of People with Each Score
Percentile by Number Answered
Your Score History
You have not taken this quiz since the last reset